[Event "ROM-ch U08"]
[Site "Calimanesti"]
[Date "2018.03.29"]
[Round "3"]
[White "Piscoran, Alexander"]
[Black "Apostol, Ioan"]
[Result "1-0"]
[WhiteElo "1028"]
[BlackElo "1157"]
[PlyCount "35"]
[EventDate "2018.03.27"]
[EventType "swiss"]
[EventRounds "9"]
[EventCountry "ROU"]
[SourceTitle "CBM 183 Extra"]
[Source "ChessBase"]
[SourceDate "2018.04.19"]
[SourceVersion "1"]
[SourceVersionDate "2018.04.19"]
[SourceQuality "1"]

1. e4 e5 2. Nf3 Nc6 3. Bc4 Be7 4. 0-0 Nf6 5. Ng5 d5 6. exd5 Nxd5 7. Nxf7 Kxf7 8. Qf3+ Ke6 9. Qg4+ Kd6 10. Qxg7 Nf6 11. Nc3 Kc5 12. Bb5 Rg8 13. Qf7 Bh3 14. Qc4+ Kd6 15. Qd3+ Nd4 16. Qxh3 e4 17. d3 Kc5 18. dxe4 1-0